00487 a2200145 4500003000500000005001700005040000900022082001200031100002900043245006600072260003200138300001200170505013800182650002100320NUST20221207173336.0 cNust a297,KHA a Khan, Maulana Wahidudin aIslam :bthe voice of human nature /cMaulana Wahiduddin Khan aKarachibDarul Ishaatc1996 a127 p.: aThe Trial Of Man (Page-5), The Concept Of Monotheism (Page-8), Islam Is The Voice Of Human Nature (Page-35), The Hereafter (Page-55). aworship in islam